Prístupy k hodnoteniu únavovej životnosti AM materiálov
Na minha lista:
| Autor principal: | |
|---|---|
| Outros Autores: | |
| Formato: | Manuscrito Livro |
| Idioma: | eslovaco |
| Publicado em: |
2023
|
| Assuntos: | |
| Acesso em linha: | http://is.stuba.sk/zp/portal_zp.pl?podrobnosti=165927 |
| Tags: |
Sem tags, seja o primeiro a adicionar uma tag!
|
MARC
| LEADER | 00000ntm a22000003a 4500 | ||
|---|---|---|---|
| 001 | stuzp82168 | ||
| 003 | SK-STU | ||
| 005 | 20230930210355.9 | ||
| 007 | ta | ||
| 008 | 150427s2015----xo-----f-mn---000-0-slo-d | ||
| 040 | |a STU |b slo | ||
| 041 | 0 | |a slo | |
| 100 | 1 | |a Semeš, Marián |u 020010 |4 aut |U SjF Strojnícka fakulta |T SjF Ústav aplikovanej mechaniky a mechatroniky |X 76997 |U J0010 |Y 801 |7 76997 | |
| 242 | 0 | 1 | |a Approaches to fatigue life assessment of AM materials |y eng |
| 245 | 1 | 0 | |a Prístupy k hodnoteniu únavovej životnosti AM materiálov |
| 260 | |c 2023 | ||
| 650 | 4 | |a 3D tlač kovov |2 slo | |
| 650 | 4 | |a aditívna výroba |2 slo | |
| 650 | 4 | |a viacosová únava materiálu |2 slo | |
| 650 | 4 | |a kritéria únavovej životnosti |2 slo | |
| 650 | 4 | |a kritická rovina |2 slo | |
| 650 | 4 | |a metal 3D printing |2 eng | |
| 650 | 4 | |a additive manufacturing |2 eng | |
| 650 | 4 | |a multiaxial fatigue criterions |2 eng | |
| 650 | 4 | |a critical plane approach |2 eng | |
| 700 | 1 | |a Chmelko, Vladimír |u 020010 |k Z1 |4 ths |U SjF Strojnícka fakulta |T SjF Ústav aplikovanej mechaniky a mechatroniky |X 2396 |U J0010 |Y 801 |7 A000002396 | |
| 856 | 4 | |u http://is.stuba.sk/zp/portal_zp.pl?podrobnosti=165927 | |
| 996 | |b 284J047233 |c J* 119475 |l JJSK |s P |a 0 |w stuzp82168_0001 | ||